Pokémon - Fairy-type Pokémon - Statistics

General Stats
  • This quiz has been taken 347 times
    5 since last reset
  • The average score is 77 of 79
Answer Stats
Secondary Type Pokémon % Correct
N/A Alcremie
100%
SECONDARY FAIRY (Ice) Alola Ninetales
100%
N/A Aromatisse
100%
Water Azumarill
100%
Normal Azurill
100%
Rock Carbink
100%
N/A Clefable
100%
MONOTYPE Clefairy
100%
N/A Cleffa
100%
Grass Cottonee
100%
Bug Cutiefly
100%
N/A Dachsbun
100%
Electric Dedenne
100%
Rock Diancie
100%
N/A Eternal Flower Floette
100%
Poison Fezandipiti
100%
N/A Fidough
100%
N/A Flabébé
100%
N/A Floette
100%
N/A Florges
100%
Ghost Flutter Mane
100%
Psychic Galarian Rapidash
100%
Poison Galarian Weezing
100%
Psychic Gardevoir
100%
N/A Granbull
100%
Dark Grimmsnarl
100%
Normal Igglybuff
100%
Dark Impidimp
100%
Flying Incarnate Enamorus
100%
Normal Jigglypuff
100%
Psychic Kirlia
100%
Steel Klefki
100%
Water Marill
100%
Steel Mawile
100%
Dragon Mega Altaria
100%
Normal Mega Audino
100%
PRIMARY FAIRY (Flying) Mega Clefable
100%
Rock Mega Diancie
100%
N/A Mega Floette
100%
Psychic Mega Gardevoir
100%
Steel Mega Mawile
100%
Grass Mega Meganium
100%
N/A Milcery
100%
Psychic Mime Jr.
100%
Ghost Mimikyu
100%
Grass Morelull
100%
Dark Morgrem
100%
Psychic Mr. Mime
100%
Water Primarina
100%
Psychic Ralts
100%
Bug Ribombee
100%
Psychic Scream Tail
100%
Grass Shiinotic
100%
N/A Slurpuff
100%
N/A Snubbull
100%
N/A Spritzee
100%
N/A Swirlix
100%
N/A Sylveon
100%
Grass Tapu Bulu
100%
Water Tapu Fini
100%
Electric Tapu Koko
100%
Psychic Tapu Lele
100%
Flying Therian Enamorus
100%
Steel Tinkatink
100%
Steel Tinkaton
100%
Steel Tinkatuff
100%
Flying Togekiss
100%
N/A Togepi
100%
Flying Togetic
100%
Grass Whimsicott
100%
Normal Wigglytuff
100%
N/A Xerneas
100%
N/A Zacian
100%
Steel Zacian
100%
N/A Comfey
75%
Psychic Hatterene
75%
Fighting Iron Valiant
75%
Steel Magearna
50%
Steel Mega Magearna
50%
No matching quizzes found
Score Distribution
Percent of People with Each Score
Percentile by Number Answered
Your Score History
You have not taken this quiz since the last reset